| 000 | 00548nam a2200205Ia 4500 | ||
|---|---|---|---|
| 001 | 13275 | ||
| 003 | GE_BSU | ||
| 008 | 181216s||||||||xx |||||||||||||| ||und|| | ||
| 040 | _cGE_BSU | ||
| 080 | _a633.15 | ||
| 100 | _aСоколов,Б.П. | ||
| 245 | _aГибриды кукурузы | ||
| 245 | _cРед.Е.Н.Фолькман. Худ. Ю.М.Красный | ||
| 260 | _aМосква | ||
| 260 | _bСельхозгиз | ||
| 260 | _c1955 | ||
| 300 | _a144стр.илл.20см. | ||
| 653 | _aГибриды кукурузы | ||
| 942 | _cBK | ||
| 999 |
_c46437 _d46437 |
||